000
00323pam a2200133 a 4500
020
_c
041
_h
082
_a
630
_b
MAH
100
_a
Mahajan, V.S.
245
_a
Growth Of Agricultures And Industry In India
_h
Textual Documents
260
_a
New Delhi
_b
Deep And Deep Publication
300
_a
176/CB
930
_a
5219
999
_c
112049
_d
112049